Sapo tiene miedo
Tallennettuna:
| Päätekijä: | |
|---|---|
| Aineistotyyppi: | Kirja |
| Kieli: | espanja |
| Julkaistu: |
Caracas
Ediciones Ekaré
2013
|
| Painos: | 8a. ed |
| Aiheet: | |
| Tagit: |
Lisää tagi
Ei tageja, Lisää ensimmäinen tagi!
|
MARC
| LEADER | 00000cam a2200000 a 4500 | ||
|---|---|---|---|
| 001 | UCE9571 | ||
| 003 | CL-VaPUC | ||
| 005 | 20250414121458.0 | ||
| 008 | 151029e20130000ve |||||||||||||||||spa|d | ||
| 999 | |c 361235 |d 361233 | ||
| 020 | |a 9789802571857 | ||
| 040 | |c Pontificia Universidad Católica de Valparaíso | ||
| 082 | 0 | 4 | |a 808.068 |b VEL |2 21 |
| 100 | 0 | |a Velthuijs, Max |e author |9 582446 | |
| 245 | 1 | 0 | |a Sapo tiene miedo |
| 250 | |a 8a. ed | ||
| 260 | |a Caracas |b Ediciones Ekaré |c 2013 | ||
| 300 | |a 24 p | ||
| 583 | |a last modification |c 20151029 22:28:00 |k Rodrigo Vera | ||
| 650 | 0 | |a Literatura infantil |9 307465 |x Cuentos | |
| 942 | |c BK |2 ddc | ||
| 945 | |d 20151029 22:28:00 |a dcastane | ||
| 952 | |0 0 |1 0 |3 erd |4 0 |6 808_068000000000000_VEL_2013 |7 0 |8 A |9 471633 |a BIBEDU |b BIBEDU |i 5245427 |l 5 |o 808.068 VEL 2013 |p 5245427 |r 2025-04-15 |s 2025-04-14 |w 2019-11-24 |y BK |z Catalogado en:20151029 |k EPE | ||